Normal view
MARC view
Entry Personal Name
001 - CONTROL NUMBER
- control field: 9643
003 - CONTROL NUMBER IDENTIFIER
- control field: OSt
005 - DATE AND TIME OF LATEST TRANSACTION
- control field: 20220918110818.0
008 - FIXED-LENGTH DATA ELEMENTS
- fixed length control field: 220918|| aca||aabn | a|a d
040 ## - CATALOGING SOURCE
- Original cataloging agency: OSt
- Transcribing agency: OSt
100 ## - HEADING--PERSONAL NAME
- Personal name: शर्मा, कृष्णदत्त, संपा
670 ## - SOURCE DATA FOUND
- Source citation: Work cat.: (OSt)114936: वाजपेयी, नंददुलारे 1672, नवजागरणकालीन पत्रकारिता और भारत, 2008
